000 00473nam a2200145 4500
008 759.987 F981c
020 _a9806030184
082 _a759.987
_bF981c
100 _aRojas, Cristóbal
_96700
245 _aCristobal Rojas:
_bun siglo después
260 _aCaracas
_bFundación Galería de Arte Nacional
_c1990
300 _a72 p.
_bill (col)
_c30 x 23 cm
650 _xarte - exhibiciones
_xVenezuela
_xPintura
_xCristobal Rojas
_96701
700 _aJuan Calzadilla (curaduría)
_96702
999 _c1624
_d1624